[Event "chess.com Speed 2019"]
[Site "chess.com INT"]
[Date "2019.12.04"]
[Round "2.10"]
[White "Duda,J"]
[Black "Nakamura,Hi"]
[Result "0-1"]
[WhiteElo "2730"]
[BlackElo "2745"]

1.e4 e5 2.Nf3 Nc6 3.Bb5 a6 4.Ba4 d6 5.O-O Bd7 6.c4 Nf6 7.Nc3 g6 8.d3 Bg7
9.h3 O-O 10.Be3 Ne7 11.Bxd7 Nxd7 12.d4 Nc6 13.Rc1 exd4 14.Nxd4 Re8 15.Re1 Nce5
16.Qe2 Nc5 17.Rcd1 Ned7 18.Qc2 c6 19.Nf3 Qe7 20.Bd4 Ne5 21.Nxe5 Bxe5 22.b4 Ne6
23.Be3 Rac8 24.Ne2 Bg7 25.c5 dxc5 26.bxc5 Rcd8 27.Rxd8 Rxd8 28.Rb1 Rd7 29.g3 Bf8
30.Rc1 Qf6 31.Kg2 Qd8 32.h4 h5 33.Nf4 Nxf4+ 34.Bxf4 Qe8 35.Qc4 Qd8 36.Be5 Qa5
37.Ba1 Qd2 38.Rb1 Qa5 39.Rc1 Qd2 40.Rb1 Bh6 41.Rb3 Qe1 42.Qc3 Qxe4+ 43.Kh2 f6
44.Qxf6 Bg7 45.Qf3  0-1

[Event "chess.com Speed 2019"]
[Site "chess.com INT"]
[Date "2019.12.04"]
[Round "2.4"]
[White "Duda,J"]
[Black "Nakamura,Hi"]
[Result "1/2-1/2"]
[WhiteElo "2730"]
[BlackElo "2745"]

1.e4 e5 2.Nf3 Nc6 3.Bb5 Nf6 4.O-O Nxe4 5.d4 Nd6 6.Bxc6 dxc6 7.dxe5 Nf5 8.Qxd8+ Kxd8
9.h3 Ke8 10.Nc3 h5 11.Bf4 Be7 12.Rfe1 Be6 13.Ne4 h4 14.c3 Rd8 15.Nfg5 Rh6
16.Nxe6 Rxe6 17.g4 hxg3 18.fxg3 c5 19.Re2 Rd3 20.Kh2 g5 21.Nxg5 Nxg3 22.Rg2 Bxg5
23.Bxg5 Ne4 24.Bh4 c4 25.Rg8+ Kd7 26.Rf1 Rxe5 27.Rxf7+ Kc6 28.Rc8 Rd2+ 29.Kg1 Rd7
30.Rxd7 Kxd7 31.Rd8+ Kc6 32.Rd4 b5 33.Bf2 Ng5 34.Kg2 Re2 35.Rf4 Rxb2 36.h4 Ne6
37.Rf6 Kd5 38.h5 Ke5 39.Rf7 Nf4+ 40.Kf3 Nxh5 41.Rh7 Rxf2+ 42.Kxf2 Nf6 43.Rxc7 Ne4+
44.Ke3 Nxc3 45.Rxa7 Kd5 46.Kd2 Na4 47.Kc2 Kc5 48.a3 Nb6 49.Rc7+ Kd6 50.Rh7 Kc5
51.Rh8 Nd5 52.Rc8+ Kd4 53.Kd2 Nf6 54.Rd8+ Kc5 55.Ra8 Nd5 56.Rc8+ Kd4 57.Rd8 Kc5
58.Rc8+ Kd4 59.Rd8 Kc5 60.Rc8+  1/2-1/2

[Event "chess.com Speed 2019"]
[Site "chess.com INT"]
[Date "2019.12.04"]
[Round "2.9"]
[White "Nakamura,Hi"]
[Black "Duda,J"]
[Result "1/2-1/2"]
[WhiteElo "2745"]
[BlackElo "2730"]

1.Nf3 Nf6 2.d3 d5 3.g3 g6 4.Nbd2 c5 5.e4 Nc6 6.Bg2 Bg7 7.O-O O-O 8.Re1 b6
9.e5 Ng4 10.e6 fxe6 11.h3 Nf6 12.c3 Qd6 13.Qe2 Ne8 14.Nb3 Nc7 15.Bf4 Rxf4
16.gxf4 Qxf4 17.Qe3 Qd6 18.d4 c4 19.Nbd2 Bd7 20.Ne5 Rf8 21.Ndf3 Nxe5 22.Nxe5 Bc8
23.Qg3 Ne8 24.Ng4 Nf6 25.Nxf6+ Rxf6 26.b3 Qxg3 27.fxg3 Bh6 28.bxc4 dxc4 29.Re2 Bd7
30.Be4 Kf8 31.Kg2 Ke8 32.h4 Kd8 33.Rh1 Be8 34.Rhe1 Kc7 35.Bf3 Bd7 36.Be4 b5
37.Bf3 a5 38.a3 Kd6 39.Rb1 Rf8 40.a4 b4 41.cxb4 Bxa4 42.Ra1 Bb3 43.Rxa5 c3
44.Ra6+ Kd7 45.Bc6+ Kc7 46.Be4 Kd7 47.b5 Bd2 48.b6 Bc4 49.Ra7+ Kd6 50.Rf2 Rb8
51.Rc7 Bd5 52.Bxd5 exd5 53.Rf7 Rxb6 54.Rfxe7 Rb2 55.Red7+ Ke6 56.Re7+ Kd6
57.Kf3 c2 58.Red7+ Ke6 59.Re7+ Kd6 60.Red7+ Ke6 61.Re7+ Kd6  1/2-1/2

[Event "chess.com Speed 2019"]
[Site "chess.com INT"]
[Date "2019.12.04"]
[Round "2.17"]
[White "Nakamura,Hi"]
[Black "Duda,J"]
[Result "1-0"]
[WhiteElo "2745"]
[BlackElo "2730"]

1.e4 c5 2.Nc3 e6 3.Nf3 Nc6 4.d4 cxd4 5.Nxd4 Qc7 6.g3 a6 7.Bg2 Nf6 8.O-O Bc5
9.Be3 Nxd4 10.Bxd4 d6 11.Bxc5 dxc5 12.Re1 Nd7 13.f4 b5 14.e5 Bb7 15.Bxb7 Qxb7
16.Ne4 O-O 17.Qf3 Qa7 18.Rad1 c4+ 19.Qf2 Qxf2+ 20.Kxf2 Nb6 21.Rd6 Nd5 22.c3 a5
23.f5 b4 24.fxe6 fxe6+ 25.Kg2 Rab8 26.Re2 bxc3 27.bxc3 a4 28.Ra6 Rf5 29.Nd6 Rff8
30.Ne4 Rf5 31.Rxa4 Rxe5 32.Rxc4 h6 33.Rd4 Kh8 34.a4 Nf6 35.Kf3 Rf5+ 36.Kg2 Re5
37.Kf2 Rf5+ 38.Ke3 Nd5+ 39.Kd2 Rf1 40.Re1 Rf3 41.Rd3 Rb2+ 42.Kc1 Rxd3 43.Kxb2 Nb6
44.Kb3 Rd5 45.Ra1 Ra5 46.Kb4 Re5 47.Nd6 Nd5+ 48.Kb3 Re3 49.Nb5 Re2 50.a5 Rxh2
51.a6 Nb6 52.a7 Rg2 53.Ra6  1-0

[Event "chess.com Speed 2019"]
[Site "chess.com INT"]
[Date "2019.12.04"]
[Round "2.18"]
[White "Duda,J"]
[Black "Nakamura,Hi"]
[Result "1/2-1/2"]
[WhiteElo "2730"]
[BlackElo "2745"]

1.d4 Nf6 2.c4 e6 3.Nf3 d5 4.Nc3 Nbd7 5.Qc2 Be7 6.cxd5 Nxd5 7.g3 Nxc3 8.bxc3 b6
9.Bg2 Bb7 10.O-O Nf6 11.Qa4+ Qd7 12.Qb3 O-O 13.Ne5 Qc8 14.Nc6 Bd6 15.c4 Qe8
16.d5 exd5 17.cxd5 Bxc6 18.dxc6 Qxe2 19.Bb2 Be5 20.Bxe5 Qxe5 21.Rfe1 Qd6
22.Rad1 Qc5 23.Rc1 Qd6 24.Rcd1 Qc5 25.Rc1 Qd6  1/2-1/2

[Event "chess.com Speed 2019"]
[Site "chess.com INT"]
[Date "2020.01.05"]
[Round "3.9"]
[White "Nakamura,Hi"]
[Black "Nepomniachtchi,I"]
[Result "0-1"]
[WhiteElo "2745"]
[BlackElo "2776"]

1.e4 c5 2.Nf3 d6 3.Nc3 Nf6 4.h3 a6 5.a4 e6 6.d4 cxd4 7.Nxd4 b6 8.g3 Bb7 9.Bg2 Qc7
10.O-O Nc6 11.Nxc6 Bxc6 12.Bf4 Be7 13.Re1 O-O 14.Qd3 Rfd8 15.Rad1 Qb7 16.Qe2 b5
17.axb5 axb5 18.b4 h6 19.Rd3 d5 20.exd5 Nxd5 21.Nxd5 Bxd5 22.Bxd5 Rxd5 23.Qe4 Rad8
24.Be5 Bf8 25.Rxd5 Rxd5 26.c3 Qc6 27.Bd4 Qc4 28.Ra1 e5 29.Ra8 exd4 30.Qe7 Kh7
31.Qxf8 dxc3 32.Qh8+ Kg6 33.Ra6+ f6 34.Ra7 c2 35.Rxg7+ Kf5 36.Qh7+ Ke5 37.Re7+ Kd4
38.Re4+ Kc3 39.Rxc4+ bxc4 40.Qxh6 Rd1+ 41.Kg2 c1=Q 42.Qxf6+ Kb3 43.b5 Rg1+
44.Kf3 Qc3+  0-1

[Event "chess.com Speed 2019"]
[Site "chess.com INT"]
[Date "2020.01.05"]
[Round "3.7"]
[White "Nakamura,Hi"]
[Black "Nepomniachtchi,I"]
[Result "1-0"]
[WhiteElo "2745"]
[BlackElo "2776"]

1.e4 c5 2.Nc3 d6 3.Nf3 Nf6 4.h3 a6 5.a4 e6 6.d4 cxd4 7.Nxd4 Be7 8.a5 Nc6
9.Nb3 O-O 10.Bd3 e5 11.Nd5 Nxd5 12.exd5 Nb8 13.O-O Nd7 14.f4 exf4 15.Bxf4 Ne5
16.c3 Bg5 17.Bh2 Be3+ 18.Kh1 Qg5 19.Bc2 Bd7 20.Nd4 Rae8 21.Nf5 Bxf5 22.Rxf5 Qd8
23.Rxe5 dxe5 24.Qd3 f5 25.Qxe3 Qxd5 26.Qe2 Kh8 27.Re1 e4 28.Bg1 Qxa5 29.Bd4 Qc7
30.Rf1 Qg3 31.Qe1 Qg5 32.Qe2 e3 33.Bd3 f4 34.Qf3 Qe7 35.Qh5  1-0

[Event "chess.com Speed 2019"]
[Site "chess.com INT"]
[Date "2020.01.05"]
[Round "3.8"]
[White "Nepomniachtchi,I"]
[Black "Nakamura,Hi"]
[Result "1/2-1/2"]
[WhiteElo "2776"]
[BlackElo "2745"]

1.e4 e5 2.Nf3 Nc6 3.Bc4 Bc5 4.O-O Nf6 5.d3 d6 6.c3 h6 7.Re1 O-O 8.h3 a5 9.Nbd2 Bb6
10.Bb5 Be6 11.Nc4 Ba7 12.d4 exd4 13.cxd4 d5 14.Bxc6 bxc6 15.Nxa5 dxe4 16.Nxc6 Qe8
17.Nfe5 Bb6 18.Bd2 Nd5 19.Bb4 f6 20.Bxf8 fxe5 21.Bxg7 Kxg7 22.Nxe5 Nf6 23.Qc2 Bxd4
24.Qxc7+ Kh8 25.Rad1 Rc8 26.Qd6 Bc5 27.Qd2 Qh5 28.Nd3 e3 29.fxe3 Ne4 30.Qe2 Qxe2
31.Rxe2 Bb6 32.Nf2 Bc4 33.Rc1 Nxf2 34.b3 Nxh3+ 35.Kh1 Nf2+ 36.Rxf2 Bxe3 37.Rxc4 Rxc4
38.bxc4 Bxf2 39.g4 Kg7 40.a4 Bb6 41.Kg2 Kf6 42.c5 Bxc5 43.a5 Kg5 44.a6 Ba7
45.Kh1  1/2-1/2

[Event "chess.com Speed 2019"]
[Site "chess.com INT"]
[Date "2020.01.05"]
[Round "3.6"]
[White "Nepomniachtchi,I"]
[Black "Nakamura,Hi"]
[Result "1/2-1/2"]
[WhiteElo "2776"]
[BlackElo "2745"]

1.e4 e5 2.Nf3 Nc6 3.Bc4 Bc5 4.O-O Nf6 5.d3 d6 6.c3 h6 7.Re1 O-O 8.h3 a5 9.Nbd2 Bb6
10.Bb5 Be6 11.Nc4 Ba7 12.d4 exd4 13.cxd4 d5 14.Bxc6 bxc6 15.Nxa5 dxe4 16.Nxc6 Qe8
17.Nfe5 Bb6 18.Bd2 Nd5 19.Bb4 f6 20.Bxf8 fxe5 21.Bxg7 Kxg7 22.Nxe5 Nf6 23.Qc2 Qa4
24.Qxa4 Rxa4 25.b3 Rxd4 26.Rad1 e3 27.fxe3 Re4 28.Nf3 Nd5 29.Kh1 Nxe3 30.Rd3 Nf5
31.Rxe4 Ng3+ 32.Kh2 Nf1+ 33.Kh1 Ng3+ 34.Kh2  1/2-1/2

[Event "chess.com Speed 2019"]
[Site "chess.com INT"]
[Date "2020.01.05"]
[Round "3.1"]
[White "Nakamura,Hi"]
[Black "Nepomniachtchi,I"]
[Result "1-0"]
[WhiteElo "2745"]
[BlackElo "2776"]

1.e4 c5 2.Nf3 d6 3.Nc3 Nf6 4.h3 a6 5.a4 e6 6.d4 cxd4 7.Nxd4 Be7 8.g4 h6 9.Bg2 Nc6
10.Be3 Bd7 11.Nb3 Ne5 12.a5 Nc4 13.Bc1 Rc8 14.O-O O-O 15.Qe2 Qc7 16.f4 b5
17.axb6 Qxb6+ 18.Qf2 Rb8 19.Qxb6 Rxb6 20.Rd1 Rc8 21.Bf1 Be8 22.Kh2 Kf8 23.Rd4 Bb5
24.Bxc4 Bxc4 25.Na5 d5 26.Nxc4 dxc4 27.e5 Ne8 28.Ra4 Rbc6 29.Kg2 f6 30.Ne4 f5
31.Nc3 Kf7 32.Kf3 g6 33.Nd1 fxg4+ 34.hxg4 h5 35.Rd7 hxg4+ 36.Kxg4 Ng7 37.Ne3 Nf5
38.Ra7 c3 39.b3 Rh8 40.Nxf5 gxf5+ 41.Kf3 Rcc8 42.Ba3 Rce8 43.Rc4 Rh3+ 44.Ke2 Rd8
45.Rxe7+ Kg8 46.Bd6  1-0

[Event "chess.com Speed 2019"]
[Site "chess.com INT"]
[Date "2020.01.05"]
[Round "3.12"]
[White "Nepomniachtchi,I"]
[Black "Nakamura,Hi"]
[Result "0-1"]
[WhiteElo "2776"]
[BlackElo "2745"]

1.e4 e5 2.Nf3 Nc6 3.Bc4 Bc5 4.O-O Nf6 5.d3 d6 6.c3 h6 7.Re1 O-O 8.h3 a5 9.Nbd2 Bb6
10.Bb5 Be6 11.Nc4 Ba7 12.d4 exd4 13.cxd4 d5 14.Bxc6 bxc6 15.Nxa5 dxe4 16.Nxc6 Qe8
17.Nfe5 Bb6 18.a4 Nd5 19.a5 f6 20.axb6 Rxa1 21.b7 fxe5 22.b8=Q Qxc6 23.Qbb3 Nf4
24.Qbc2 Qxc2 25.Qxc2 Nd3 26.Rf1 Rxf2 27.Qxd3 Rxg2+ 28.Kxg2 exd3 29.dxe5 d2  0-1

[Event "chess.com Speed 2019"]
[Site "chess.com INT"]
[Date "2020.01.05"]
[Round "3.13"]
[White "Nakamura,Hi"]
[Black "Nepomniachtchi,I"]
[Result "1/2-1/2"]
[WhiteElo "2745"]
[BlackElo "2776"]

1.e4 c5 2.Nf3 d6 3.Bb5+ Nd7 4.Ba4 Nf6 5.O-O e6 6.Re1 a6 7.c3 b5 8.Bc2 c4
9.a4 Bb7 10.d4 cxd3 11.Qxd3 Nc5 12.Qe2 bxa4 13.Be3 Nfd7 14.Bd4 e5 15.Bxc5 Nxc5
16.Rxa4 Be7 17.Ra2 O-O 18.Nbd2 a5 19.Rea1 Qc7 20.Nb3 Nxb3 21.Bxb3 Rfb8 22.Bc4 g6
23.Qd3 Kg7 24.Bd5 Bxd5 25.Qxd5 a4 26.g3 Ra5 27.Qd3 Rab5 28.Rxa4 Rxb2 29.Ra7 R8b7
30.Rxb7 Qxb7 31.Nd2 Qb6 32.Rf1 Ra2 33.h4 h5 34.Nc4 Qa6 35.Rd1 Ra4 36.Nxd6 Bxd6
37.Qxd6 Qxd6 38.Rxd6 Rxe4 39.Rc6 Re2 40.c4 Rc2 41.c5 e4 42.Kf1 Kf8 43.Rc7 Ke8
44.c6 Kf8 45.Ke1 Kg7 46.Re7 Rxc6 47.Rxe4  1/2-1/2

[Event "chess.com Speed 2019"]
[Site "chess.com INT"]
[Date "2020.01.05"]
[Round "3.14"]
[White "Nepomniachtchi,I"]
[Black "Nakamura,Hi"]
[Result "1-0"]
[WhiteElo "2776"]
[BlackElo "2745"]

1.e4 e5 2.Nf3 Nc6 3.Bc4 Bc5 4.O-O Nf6 5.d3 d6 6.c3 h6 7.Re1 O-O 8.h3 a5 9.Nbd2 Bb6
10.Bb5 Be6 11.Nc4 Ba7 12.d4 exd4 13.cxd4 d5 14.Bxc6 bxc6 15.Nxa5 dxe4 16.Nxc6 Qe8
17.Nfe5 Bb6 18.a4 Nd5 19.Qc2 f6 20.Ng4 h5 21.Ne3 f5 22.Bd2 f4 23.Nxd5 Bxd5
24.Nb4 c6 25.a5 Bxd4 26.Bc3 Ba7 27.a6 Qg6 28.Kh1 Rae8 29.Rg1 Rf5 30.Rad1 Qf7
31.Nxd5 Rxd5 32.Qe2 e3 33.f3 Red8 34.Ra1 Rd2 35.Bxd2 Rxd2 36.Qe1 Qd5 37.Rd1 Kf7
38.b4 Qd3 39.Rxd2 exd2 40.Qb1 Qe2 41.Rd1 Ke7 42.Qe4+  1-0

[Event "chess.com Speed 2019"]
[Site "chess.com INT"]
[Date "2020.01.05"]
[Round "3.15"]
[White "Nakamura,Hi"]
[Black "Nepomniachtchi,I"]
[Result "0-1"]
[WhiteElo "2745"]
[BlackElo "2776"]

1.e4 c5 2.Nf3 d6 3.Nc3 Nf6 4.h3 a6 5.a4 e6 6.d4 cxd4 7.Nxd4 Be7 8.Nb3 Nc6
9.a5 O-O 10.Be3 Nd7 11.Be2 b5 12.axb6 Nxb6 13.O-O Bb7 14.f4 Qc7 15.Qe1 Nb4
16.Qd2 Nc4 17.Bxc4 Qxc4 18.Na5 Qc7 19.f5 Bf6 20.Bg5 Bxg5 21.Qxg5 f6 22.Qd2 Rfe8
23.fxe6 Rxe6 24.Kh1 Rae8 25.Nxb7 Qxb7 26.Ra4 Kh8 27.Rfa1 h6 28.R1a3 Re5 29.Rb3 a5
30.Qxd6 Qf7 31.Rbxb4 axb4 32.Rxb4 f5 33.Rb8 Rxb8 34.Qxb8+ Re8 35.Qf4 Qb7
36.exf5 Qxb2 37.Ne4 Qxc2 38.Ng3 Re1+ 39.Kh2 Qc5 40.Nf1 Qe7 41.Nd2 Qe5 42.Kg3 Qxf4+
43.Kxf4 Re2 44.Ne4 Rxg2 45.f6 g6  0-1

[Event "chess.com Speed 2019"]
[Site "chess.com INT"]
[Date "2020.01.05"]
[Round "3.3"]
[White "Nakamura,Hi"]
[Black "Nepomniachtchi,I"]
[Result "1-0"]
[WhiteElo "2745"]
[BlackElo "2776"]

1.e4 c5 2.Nc3 d6 3.Nf3 Nf6 4.h3 a6 5.a4 e6 6.d4 cxd4 7.Nxd4 Be7 8.g4 h6 9.Bg2 Nc6
10.Nb3 Bd7 11.a5 b5 12.axb6 Qxb6 13.Be3 Qc7 14.f4 O-O 15.O-O a5 16.Nc1 Rab8
17.Nd3 Nb4 18.Rf2 Bc6 19.g5 hxg5 20.fxg5 Nd7 21.h4 d5 22.exd5 Nxd5 23.Nxd5 Bxd5
24.Bxd5 exd5 25.Nf4 Bc5 26.Bxc5 Nxc5 27.Nxd5 Qe5 28.Re2 Qg3+ 29.Rg2 Qe5 30.Rxa5 Rbc8
31.c4 Rfd8 32.b4 Ne4 33.Qd3 Kh8 34.Re2 Re8 35.Nf6 Qf4 36.Nxe4 Red8 37.Rd5 Rxd5
38.Qxd5  1-0

[Event "chess.com Speed 2019"]
[Site "chess.com INT"]
[Date "2020.01.05"]
[Round "3.5"]
[White "Nakamura,Hi"]
[Black "Nepomniachtchi,I"]
[Result "0-1"]
[WhiteElo "2745"]
[BlackElo "2776"]

1.e4 c5 2.Nf3 d6 3.Nc3 a6 4.a4 Nf6 5.h3 e6 6.d4 cxd4 7.Nxd4 b6 8.g4 Bb7 9.Bg2 Qc7
10.g5 Nfd7 11.h4 Nc6 12.f4 Be7 13.h5 h6 14.g6 Nxd4 15.gxf7+ Kxf7 16.Qxd4 Bf6
17.Qd3 Bxc3+ 18.bxc3 Rac8 19.Bb2 Nf6 20.Qg3 Rhf8 21.O-O-O Kg8 22.Qg6 Bc6
23.e5 Bxg2 24.Qxg2 dxe5 25.fxe5 Nd5 26.Qg3 Rf5 27.Rhg1 Rg5 28.Qh3 Qxe5 29.Rge1 Qf5
30.Qxf5 Rxf5 31.Rxe6 Rxh5 32.Rd6 Ne3 33.Rg1 Nc4 34.Rdg6 Rc7 35.Kb1 Kh7 36.Bc1 Ra5
37.Bf4 Rf7 38.Bd6 Raf5 39.Ka2 R5f6 40.Rxf6 Rxf6 41.Bb8 g5 42.Kb3 b5 43.axb5 axb5
44.Kb4 Rf5 45.Rd1 h5 46.Rd7+ Kg6 47.Rb7 h4 48.Rxb5 Rxb5+ 49.Kxb5 Ne3 50.c4 g4
51.c5 g3 52.c6 Nd5 53.c4 Ne7 54.Bd6 Nc8 55.c5 Kf5 56.Ka6 Kg4 57.Kb7 h3 58.Kxc8 h2
59.c7 h1=Q 60.Kb8 Qb1+ 61.Ka7 Qa2+ 62.Kb7 Qb3+ 63.Ka7 Qa4+ 64.Kb7 Qb5+ 65.Ka7 Qc6
66.Kb8 g2 67.Bh2 Qb5+ 68.Ka8 Qxc5 69.Kb8 Qb6+  0-1

[Event "chess.com Speed 2019"]
[Site "chess.com INT"]
[Date "2020.01.05"]
[Round "3.18"]
[White "Nepomniachtchi,I"]
[Black "Nakamura,Hi"]
[Result "0-1"]
[WhiteElo "2776"]
[BlackElo "2745"]

1.e4 e5 2.Nf3 Nc6 3.Bb5 Nf6 4.Nc3 Nd4 5.Bc4 Bc5 6.d3 d6 7.Na4 b5 8.Nxd4 bxc4
9.Nf5 Bxf5 10.exf5 cxd3 11.Nxc5 dxc5 12.cxd3 Qd7 13.Qf3 O-O 14.O-O Rfd8 15.Be3 Qxd3
16.Rac1 Rab8 17.b3 Qa6 18.Bg5 Qxa2 19.Bxf6 gxf6 20.Qg4+ Kh8 21.Qh4 Rd6 22.Rcd1 Qa6
23.Qh5 Kg7 24.Qg4+ Kf8 25.Qh5 Rxb3 26.Qxh7 Rxd1 27.Rxd1 Qd3 28.Qh6+ Ke7 29.Qc1 Qc3
30.Qh6 Qc2 31.Rf1 Rb1 32.g3 Rxf1+ 33.Kxf1 c4 34.h4 Qd1+ 35.Kg2 c3 36.Qe3 c2
37.Qc5+ Kd7 38.Qb5+ Kd6 39.Qb4+ Kd7 40.Qb5+ Ke7 41.Qc5+ Ke8 42.Qb5+ Kf8  0-1

[Event "chess.com Speed 2019"]
[Site "chess.com INT"]
[Date "2020.01.05"]
[Round "3.19"]
[White "Nakamura,Hi"]
[Black "Nepomniachtchi,I"]
[Result "1/2-1/2"]
[WhiteElo "2745"]
[BlackElo "2776"]

1.e4 c5 2.Nf3 d6 3.Bb5+ Nd7 4.O-O a6 5.Bd3 Ngf6 6.c3 b5 7.Bc2 Bb7 8.d3 g6
9.Nbd2 Bg7 10.Re1 O-O 11.Nf1 e5 12.Ng3 d5 13.Qe2 h6 14.h3 Re8 15.Bd2 c4 16.dxc4 dxc4
17.Be3 Qc7 18.Nh2 Nc5 19.Ng4 Nxg4 20.hxg4 Rad8 21.Rad1 Bc8 22.f3 Be6 23.Qf2 Bf8
24.Kh2 a5 25.Rh1 f6 26.a3 Nd3 27.Bxd3 cxd3 28.Bb6 Qc6 29.Bxd8 Rxd8 30.Qe3 Bc4
31.Nf1 Rd7 32.Qd2 Bb3 33.Re1 a4 34.Ne3 Bc4 35.Kg3 Rh7 36.Rd1 Bc5 37.Nd5 Bxd5
38.exd5 Qd6 39.Kh3 h5 40.g5 Qd7+ 41.Kh2 e4 42.fxe4 Bd6+ 43.Kg1 Qa7+ 44.Kf1 fxg5
45.Rh3 g4 46.Re3 Rf7+ 47.Kg1 Bc5 48.Re1 Qc7 49.Qxd3 Qg3 50.e5 Qf2+ 51.Kh1 Qh4+
52.Kg1 g3 53.Qxg6+ Kf8 54.Qh6+ Kg8 55.Qg6+ Rg7 56.Qe6+ Rf7 57.Qg6+  1/2-1/2

[Event "chess.com Speed 2019"]
[Site "chess.com INT"]
[Date "2020.01.05"]
[Round "3.20"]
[White "Nepomniachtchi,I"]
[Black "Nakamura,Hi"]
[Result "1-0"]
[WhiteElo "2776"]
[BlackElo "2745"]

1.e4 e5 2.Nf3 Nc6 3.Bc4 Bc5 4.O-O Nf6 5.d3 d6 6.Re1 h6 7.h3 O-O 8.c3 a5 9.Nbd2 Bb6
10.Bb5 Be6 11.Nc4 Ba7 12.d4 exd4 13.cxd4 d5 14.Bxc6 bxc6 15.Nxa5 dxe4 16.Nxc6 Qe8
17.Nfe5 Bb6 18.a4 Nd5 19.Qc2 f6 20.Ng4 h5 21.Ne3 f5 22.Nxd5 Bxd5 23.Nb4 c6
24.Bf4 Bxd4 25.Rad1 Be5 26.Bxe5 Qxe5 27.Nxc6 Bxc6 28.Qxc6 Qxb2 29.Rd7 Rac8
30.Qe6+ Kh8 31.Qg6 Rc1 32.Qxh5+ Kg8 33.Red1 Qa1 34.Rxg7+  1-0

[Event "chess.com Speed 2019"]
[Site "chess.com INT"]
[Date "2020.01.05"]
[Round "3.21"]
[White "Nakamura,Hi"]
[Black "Nepomniachtchi,I"]
[Result "1/2-1/2"]
[WhiteElo "2745"]
[BlackElo "2776"]

1.e4 c5 2.Nf3 d6 3.c3 Nf6 4.Bd3 Nc6 5.Bc2 Bg4 6.h3 Bh5 7.d3 e6 8.Nbd2 d5
9.Qe2 Be7 10.Nf1 O-O 11.g4 Bg6 12.Ng3 Qc7 13.O-O Rad8 14.Kg2 b5 15.a3 a5
16.Re1 d4 17.cxd4 Rxd4 18.Be3 Rdd8 19.a4 b4 20.Bb3 Nd7 21.Rac1 Bd6 22.h4 h6
23.h5 Bh7 24.g5 Kh8 25.Rg1 Bxg3 26.fxg3 hxg5 27.Nxg5 Nde5 28.Bxc5 Qd7 29.Bxf8 Rxf8
30.Bc4 Nd4 31.Qe3 f6 32.Nxh7 Kxh7 33.Rgf1 Ng4 34.Qd2 e5 35.Bd5 Rc8 36.Rxc8 Qxc8
37.Rc1 Qe8 38.b3 Nh6 39.Qd1 Qd7 40.Bc4 Ng4 41.Qd2 Nh6 42.Qd1 Ng4 43.Qd2  1/2-1/2

[Event "chess.com Speed 2019"]
[Site "chess.com INT"]
[Date "2020.01.05"]
[Round "3.22"]
[White "Nepomniachtchi,I"]
[Black "Nakamura,Hi"]
[Result "0-1"]
[WhiteElo "2776"]
[BlackElo "2745"]

1.e4 e5 2.Nf3 Nc6 3.Bb5 Nf6 4.Nc3 Nd4 5.Bc4 Bc5 6.d3 c6 7.Nxe5 d5 8.Bb3 O-O
9.Bg5 Re8 10.Nf3 dxe4 11.dxe4 Nxe4 12.Nxe4 Rxe4+ 13.Kf1 Qe8 14.Nxd4 Rxd4
15.Qe1 Re4 16.Qd2 b6 17.Re1 Ba6+ 18.c4 Qe6 19.Rxe4 Qxe4 20.h4 Re8 21.Rh3 Bxc4+
22.Bxc4 Qxc4+ 23.Kg1 Qxa2 24.Be3 Qd5 25.Qc1 Bf8 26.Rf3 Rd8 27.Qc3 Qd1+ 28.Kh2 Bd6+
29.Bf4 Bxf4+ 30.Rxf4 Qd6 31.g3 c5 32.Qf3 Qd5 33.Qa3 a5 34.Qe3 Qd6 35.Re4 Rf8
36.Re7 Qf6 37.b3 h5 38.Rb7 g6 39.Kg1 Rd8 40.Re7 Rd1+ 41.Kh2 Qc6 42.Re8+ Kh7
43.Re4 Qd5 44.Qf4 Rd4 45.f3 Rxe4  0-1

[Event "chess.com Speed 2019"]
[Site "chess.com INT"]
[Date "2020.01.05"]
[Round "3.23"]
[White "Nakamura,Hi"]
[Black "Nepomniachtchi,I"]
[Result "1-0"]
[WhiteElo "2745"]
[BlackElo "2776"]

1.Nf3 c5 2.b3 Nc6 3.Bb2 d6 4.e3 e5 5.Bb5 Bd7 6.O-O Nf6 7.d4 cxd4 8.exd4 e4
9.d5 exf3 10.dxc6 bxc6 11.Re1+ Be7 12.Bxf6 gxf6 13.Bd3 fxg2 14.Qh5 Qb6 15.Nc3 Qc5
16.Qxc5 dxc5 17.Rad1 h5 18.Bc4 Rd8 19.Ne4 Kf8 20.h4 Bf5 21.Rxd8+ Bxd8 22.Nd6 Bg6
23.Re8+ Kg7 24.Rxh8 Kxh8 25.Bxf7 Bc7 26.Bxg6 Bxd6 27.Bxh5 Kg7 28.Bf3 Kg6
29.Kxg2 c4 30.Bxc6 cxb3 31.axb3 f5 32.Be8+ Kf6 33.Kf1 Bc5 34.Ke2 Bd4 35.f3 Bc3
36.Kd3 Be1 37.h5 Bh4 38.h6  1-0

[Event "chess.com Speed 2019"]
[Site "chess.com INT"]
[Date "2020.01.05"]
[Round "3.24"]
[White "Nepomniachtchi,I"]
[Black "Nakamura,Hi"]
[Result "1/2-1/2"]
[WhiteElo "2776"]
[BlackElo "2745"]

1.e4 g6 2.d4 Bg7 3.Nc3 c6 4.Nf3 d5 5.h3 dxe4 6.Nxe4 Nf6 7.Bd3 Nxe4 8.Bxe4 Bf5
9.Bxf5 Qa5+ 10.c3 Qxf5 11.O-O O-O 12.Re1 Re8 13.Qb3 Qb5 14.Bf4 Nd7 15.Qc2 a5
16.Ne5 Nxe5 17.Bxe5 a4 18.a3 Qb3 19.Qd2 f6 20.Bg3 Rad8 21.Qe2 Kf7 22.Rad1 e6
23.Rd3 b5 24.Rf3 Qd5 25.Be5 Rf8 26.Qe3 Kg8 27.Bc7 Rde8 28.Bh2 Rf7 29.Qe2 Rfe7
30.Re3 Bh6 31.Re4 Bg7 32.Bf4 Kf7 33.h4 h6 34.g3 g5 35.Qh5+ Kg8 36.Bc1 Rf8
37.Qg6 Qd7 38.hxg5 hxg5 39.Qh5 f5 40.R4e2 g4 41.Bg5 Bf6 42.Bh6 Qe8 43.Qh1 Rff7
44.f4 gxf3 45.Qxf3 Rh7 46.Bf4 Qd7 47.Be5 Bxe5 48.Rxe5 Rh6 49.Qf4 Rg6 50.Kf2 Rh7
51.Rg1 Rh2+ 52.Rg2 Qh7 53.Re1 Qh3 54.Rg1 Rxg2+ 55.Rxg2 Qh6 56.Qb8+ Kh7 57.Qc7+ Rg7
58.Qe5 Qd2+ 59.Kf1 Qc1+ 60.Qe1 Qxe1+ 61.Kxe1 Kg6 62.Re2 Kf6 63.Kf2 Rh7 64.Kg2 Rd7
65.Re5 Rd5 66.Rxd5 cxd5 67.Kf3 Kg5 68.Kf2 Kg4 69.Kg2 Kh5 70.Kf3 Kg5 71.Kg2 Kg4
72.Kf2 f4 73.gxf4 Kxf4 74.Ke2 Ke4 75.Kd2 Kf3 76.Kd3 Kf4 77.Kd2 Kg3 78.Ke3 Kg4
79.Ke2 Kf4 80.Kf2 Kg5 81.Kg3 Kf5 82.Kf3 e5 83.dxe5 Kxe5 84.Ke3 Ke6 85.Kd3 Kd7
86.Ke2 Kc6 87.Ke3 Kc5 88.Kd3 Kc6 89.Ke2 Kd6 90.Kd2 Ke6 91.Kd3 Ke7 92.Kd4  1/2-1/2

[Event "chess.com Speed 2019"]
[Site "chess.com INT"]
[Date "2020.01.05"]
[Round "3.4"]
[White "Nepomniachtchi,I"]
[Black "Nakamura,Hi"]
[Result "0-1"]
[WhiteElo "2776"]
[BlackElo "2745"]

1.e4 e5 2.Nf3 Nc6 3.Bb5 Nf6 4.d3 Bc5 5.Nbd2 O-O 6.Bxc6 dxc6 7.Nc4 Nd7 8.Qe2 Re8
9.h4 b5 10.Na5 Qf6 11.h5 Nf8 12.Be3 Bb6 13.Nb3 h6 14.Nh4 Ne6 15.O-O-O a5
16.Nf5 a4 17.Nd2 a3 18.b3 Nf4 19.Qg4 Bxf5 20.exf5 e4 21.d4 Bxd4 22.Bxf4 Be3
23.Rde1 Qa1+  0-1

[Event "chess.com Speed 2019"]
[Site "chess.com INT"]
[Date "2020.01.05"]
[Round "3.26"]
[White "Nepomniachtchi,I"]
[Black "Nakamura,Hi"]
[Result "1-0"]
[WhiteElo "2776"]
[BlackElo "2745"]

1.e4 g6 2.d4 Bg7 3.Nc3 c6 4.Nf3 d5 5.h3 dxe4 6.Nxe4 Nf6 7.Bd3 Bf5 8.Nxf6+ exf6
9.Qe2+ Be6 10.O-O O-O 11.c3 Re8 12.Qc2 Nd7 13.Bf4 Nb6 14.Bh2 Nd5 15.Rfe1 b5
16.a4 a6 17.Nd2 Nb6 18.a5 Nd5 19.Ne4 Bf5 20.Nd6 Rxe1+ 21.Rxe1 Be6 22.b4 Bf8
23.Ne4 Bf5 24.f3 Nxb4 25.cxb4 Qxd4+ 26.Kh1 Bxb4 27.Rd1 Bxe4 28.Bxe4 Qc3 29.Qa2 f5
30.Bc2 c5 31.Rd7 c4 32.Qb1 Re8 33.Bg3 f4 34.Bf2 Re2 35.Rd8+ Bf8 36.Bc5 Re1+
37.Qxe1 Qxe1+ 38.Kh2 Qg3+ 39.Kh1 Qe1+ 40.Kh2 Qxa5 41.Rxf8+ Kg7 42.Rc8 Qd2
43.Be4 f5 44.Bb7 c3 45.Bb4 Qd7 46.Bxa6 Qa7 47.Rc6 c2 48.Bxb5 Qf2 49.Bd3 g5
50.Rxc2 Qe3 51.Bxf5 h5 52.Rc6 Qf2 53.Bc3+ Kf7 54.Bg6+ Ke7 55.Bxh5 Kd7 56.Rc4 Qe2
57.Re4 Qc2 58.Bg4+ Kc6 59.Bf6 Qc5 60.Re5 Qf2 61.Bxg5 Qg3+ 62.Kg1 Kd6 63.Re6+ Kd5
64.h4 Kd4 65.h5  1-0

[Event "chess.com Speed 2019"]
[Site "chess.com INT"]
[Date "2020.01.05"]
[Round "3.27"]
[White "Nakamura,Hi"]
[Black "Nepomniachtchi,I"]
[Result "1-0"]
[WhiteElo "2745"]
[BlackElo "2776"]

1.e4 c5 2.Nc3 d6 3.Nf3 a6 4.d4 cxd4 5.Nxd4 Nf6 6.Bc4 e6 7.Bb3 Be7 8.O-O O-O
9.f4 Qc7 10.Be3 Nc6 11.f5 Nxd4 12.Bxd4 Bd7 13.Qf3 b5 14.a3 Rab8 15.g4 b4
16.Ne2 e5 17.Be3 bxa3 18.g5 axb2 19.Rab1 Ne8 20.Qh5 Rxb3 21.cxb3 Qc2 22.Ng3 Qxb3
23.Rfe1 Bb5 24.f6 g6 25.Qf3 Bd8 26.Qg2 Qe6 27.Rxb2 Ba5 28.Rd1 Nc7 29.Rc1 Qg4
30.Rbc2 Ne6 31.h3 Qh4 32.Rc8 Bd7 33.Rxf8+ Nxf8 34.Rd1 Bc7 35.Kh2 Ne6 36.Ne2 Nf4
37.Bxf4 exf4 38.Nd4 f3 39.Nxf3 d5+ 40.e5 Qe4 41.Re1 Qf4+ 42.Qg3 Qf5 43.Nd4  1-0

[Event "chess.com Speed 2019"]
[Site "chess.com INT"]
[Date "2020.01.05"]
[Round "3.28"]
[White "Nepomniachtchi,I"]
[Black "Nakamura,Hi"]
[Result "0-1"]
[WhiteElo "2776"]
[BlackElo "2745"]

1.e4 c5 2.Nf3 Nc6 3.Nc3 Nf6 4.d4 cxd4 5.Nxd4 e5 6.Ndb5 d6 7.Nd5 Nxd5 8.exd5 Nb8
9.a4 Be7 10.Bd2 O-O 11.a5 Nd7 12.Bb4 a6 13.Na3 f5 14.Nc4 Nf6 15.Nb6 Rb8 16.Ra3 f4
17.Be2 Bf5 18.O-O Qe8 19.c4 Qg6 20.Kh1 Rbd8 21.f3 Nh5 22.Bd3 Ng3+ 23.Kg1 Nxf1
24.Bxf5 Qxf5 25.Qxf1 e4 26.Bc3 exf3  0-1

[Event "chess.com Speed 2019"]
[Site "chess.com INT"]
[Date "2020.01.05"]
[Round "3.29"]
[White "Nakamura,Hi"]
[Black "Nepomniachtchi,I"]
[Result "0-1"]
[WhiteElo "2745"]
[BlackElo "2776"]

1.e4 c5 2.Nc3 d6 3.Nf3 Nf6 4.d4 cxd4 5.Qxd4 a6 6.e5 Nc6 7.Qf4 dxe5 8.Nxe5 Nxe5
9.Qxe5 e6 10.Bg5 Be7 11.Bd3 h6 12.Bh4 O-O 13.O-O-O Qb6 14.Ne4 Nd7 15.Qg3 Bxh4
16.Qxh4 Ne5 17.Qg3 Nxd3+ 18.Rxd3 e5 19.Rd6 Qb4 20.Qh4 Qa5 21.Rxh6 gxh6 22.Nf6+ Kg7
23.Nh5+ Kh7 24.Qf6 Rg8 25.Qxf7+ Kh8 26.Nf6 Bf5 27.Nxg8 Rd8 28.Kb1 Bxc2+ 29.Ka1 Rxg8
30.Qxb7 Bg6 31.Qc6 Kh7 32.Rd1 Rg7 33.Qd5 Qb6 34.Qxe5 Qxf2 35.g4 Qc2 36.Re1 Rc7
37.a3 Rb7 38.Qf6 Qb3 39.Re7+ Rxe7 40.Qxe7+ Bf7 41.Qe4+ Kg8 42.Qb1 Qf3 43.Qg1 Bc4
44.Kb1 Qd3+ 45.Ka1 Qf1+ 46.Qxf1 Bxf1 47.b4 Bh3 48.Kb2 Bxg4 49.a4 Kf7 50.b5 axb5
51.axb5 Ke6 52.Kc3 Kd6 53.Kd4 Bd7 54.b6 Kc6  0-1